Usos públicos de la historia : ponencias del VI Congreso de la Asociación de Historia Contemporánea (Universidad de Zaragoza, 2002) /
Gorde:
| Erakunde egilea: | |
|---|---|
| Beste egile batzuk: | , |
| Formatua: | Liburua |
| Hizkuntza: | gaztelania |
| Argitaratua: |
Madrid, España: [Zaragoza], España :
Marcial Pons ; Prensas Universitarias de Zaragoza,
2003.
|
| Saila: | Marcial Pons Historia.
|
| Gaiak: | |
| Etiketak: |
Etiketa erantsi
Etiketarik gabe, Izan zaitez lehena erregistro honi etiketa jartzen!
|
MARC
| LEADER | 00000cam a22000004a 4500 | ||
|---|---|---|---|
| 001 | 13521685 | ||
| 003 | CL-VaPUC | ||
| 005 | 20240508160847.0 | ||
| 008 | 040209s2003 sp b s100 0 spa | ||
| 999 | |c 443503 |d 443501 | ||
| 010 | |a 2004404987 | ||
| 020 | |a 849537966X | ||
| 035 | |a (SP-Ba)pu040004138 | ||
| 040 | |a DLC |c Pontificia Universidad Católica de Valparaíso |d DLC | ||
| 042 | |a pcc | ||
| 082 | 0 | 0 | |a 901 ASO 2003 |2 22 |
| 110 | 2 | |a Asociación de Historia Contemporánea. |9 888756 | |
| 245 | 1 | 0 | |a Usos públicos de la historia : |b ponencias del VI Congreso de la Asociación de Historia Contemporánea (Universidad de Zaragoza, 2002) / |
| 260 | |a Madrid, España: |b Marcial Pons ; |a [Zaragoza], España : |b Prensas Universitarias de Zaragoza, |c 2003. | ||
| 300 | |a 360 páginas | ||
| 490 | 1 | |a Marcial Pons Historia. | |
| 583 | |c 20240503 | ||
| 650 | 0 | |a Historia |x Metodología |v Congresos |9 888757 | |
| 650 | 0 | |a Historia |x Filosofía |v Congresos |9 888758 | |
| 650 | 0 | |a Historia |x Investigación |v Congresos |9 888759 | |
| 700 | 1 | |a Carreras Ares, Juan José |e editor |9 888760 | |
| 700 | 1 | |a Forcadell Alvarez, Carlos. |e editor |9 888761 | |
| 942 | |2 ddc |c BK | ||
| 952 | |0 0 |1 0 |2 ddc |4 0 |6 901_000000000000000_ASO_2003 |7 0 |8 A |9 594316 |a BIBHIS |b BIBHIS |d 2024-04-30 |e 13 |g 21420.00 |i 5660931 |l 2 |m 1 |o 901 ASO 2003 |p 5660931 |r 2024-11-27 |s 2024-10-30 |t 1 |v 21420.00 |w 2024-04-30 |y BK |k HIS | ||